| 000 | 00580nam a2200169 a 4500 | ||
|---|---|---|---|
| 001 | 000004297 | ||
| 005 | 20200929151425.0 | ||
| 008 | 090721s1852 sp 000 0 spa d | ||
| 040 |
_aDO-SdBNP _bspa _cBNPHU |
||
| 082 |
_axxxx _bxxx |
||
| 245 | 0 | 0 |
_aBiblioteca de autores españoles. : _bdesde la formación del lenguaje hasta nuestros días. |
| 250 | _a2da. ed. | ||
| 260 |
_aMadrid, España : _bM. rivadeneyra, _c1852. |
||
| 300 |
_a567 p. ; _c25 cm. |
||
| 505 | 2 |
_tElegías de varones ilustres de indias, por Juan de Castellanos. _gv. 4 |
|
| 500 | _aLa biblioteca posee el volumen 4 | ||
| 999 |
_c4106 _d4106 |
||